Democracy Should it Survive?

Enregistré dans:
Détails bibliographiques
Format: Livre
Langue:anglais
Publié: London Dennis Dobson Lim. 1946
Édition:1. ed.
Tags: Ajouter un tag
Pas de tags, Soyez le premier à ajouter un tag!

MARC

LEADER 00000nam a2200000 4500
001 c029060
005 20221220101604.6
041 0 |a eng 
044 |a GB 
245 1 0 |a Democracy Should it Survive? 
250 |a 1. ed. 
264 1 |a London  |b Dennis Dobson Lim.  |c 1946 
300 |a 136 s.